Spanische Essen-Vokabeln - Statistiken

Allgemein
  • Dieses Quiz wurde 1.214 mal gespielt
    1.192 seit der letzten Aktualisierung
  • Das Durchschnittsergebnis liegt bei 17 aus 24
Antwortstatistiken
Spanisch Deutsch % Korrekt
Agua Wasser
98%
Café Kaffee
96%
Carne Fleisch
92%
Queso Käse
92%
Ensalada Salat
92%
Maíz Mais
90%
Pan Brot
89%
Leche Milch
89%
Pescado Fisch
88%
Sopa Suppe
85%
Naranja Orange
83%
Cerveza Bier
81%
Jamón Schinken
81%
Huevo Ei
72%
Arroz Reis
72%
Manzana  Apfel
70%
Pollo Hähnchen
69%
Piña Ananas
65%
Jugo Saft
58%
Plátano Banane
48%
Mantequilla  Butter
36%
Frijoles Bohnen
25%
Bistec Steak
25%
Camarón Garnele
13%
Keine übereinstimmenden Quizze gefunden
Verteilung der Resultate
Anzahl Personen mit jedem Resultat
Perzentil nach korrekt beantworteten Fragen
Ihre Resultats-Entwicklung
Sie haben dieses Quiz seit der letzten Aktualisierung nicht gespielt